80s Artist by Song #2 - Statistics

General Stats
  • This quiz has been taken 392 times
  • The average score is 14 of 20
Answer Stats
Hint Answer % Correct
Another One Bites the Dust Queen
96%
Africa Toto
96%
Every Breath You Take The Police
94%
Wake Me Up Before You Go-Go Wham!
94%
Summer of '69 Bryan Adams
85%
Everybody Want to Rule the World Tears for Fears
85%
Eye of the Tiger Survivor
81%
Call Me Blondie
79%
Down Under Men At Work
76%
Money for Nothing Dire Straits
75%
Rebel Yell Billy Idol
73%
West End Girls Pet Shop Boys
71%
Rock You Like a Hurricane Scorpions
58%
Need You Tonight INXS
55%
Super Freak Rick James
54%
Cruel Summer Bananarama
53%
The Reflex Duran Duran
53%
Straight Up Paula Abdul
50%
Kickstart My Heart Mötley Crüe
47%
We Got the Beat The Go-Go's
44%
No matching quizzes found
Score Distribution
Percent of People with Each Score
Percentile by Number Answered
Your Score History
You have not taken this quiz